000 00414nam a2200181Ia 4500
005 20240823042756.0
008 240823s9999||||xx |||||||||||||| ||und||
041 _aENGLISH
082 _A530
100 _aArumugam M
245 0 _aPhysics Practical Lab Manual
250 _a1st
260 _bAnuradha Age
_aKumbakonam
500 _aTRANSFERED
650 _aPhysics
_bPhysics
942 _cBK
999 _c208657
_d208657